Association of Global Business and International Academy of Linguistics Behavioral and Social Sciences Newport Beach, CA
Salvato in:
| Ente Autore: | |
|---|---|
| Altri autori: | |
| Natura: | Libro |
| Lingua: | inglese |
| Pubblicazione: |
Newport Beach
AGB and IALBSS
2006
|
| Soggetti: | |
| Tags: |
Nessun Tag, puoi essere il primo ad aggiungerne!!
|
MARC
| LEADER | 00000nlm$a2200000$$$4500 | ||
|---|---|---|---|
| 001 | 0056049 | ||
| 005 | 20251007120121.8 | ||
| 022 | |a 1050-6292 | ||
| 041 | 0 | |a eng | |
| 044 | |a GB | ||
| 245 | 1 | 0 | |a Association of Global Business and International Academy of Linguistics Behavioral and Social Sciences |b Newport Beach, CA |c editor: Robert J. Keating |
| 264 | 1 | |a Newport Beach |b AGB and IALBSS |c 2006 | |
| 300 | |a CD-ROM | ||
| 610 | 2 | 0 | |a jazykoveda |
| 610 | 2 | 0 | |a jazyky cudzie |
| 610 | 2 | 0 | |a terminológia |
| 610 | 2 | 0 | |a podnikanie |
| 610 | 2 | 0 | |a obchod medzinárodný |
| 700 | 1 | |a Keating, Robert J. | |
| 110 | 2 | |a Association of global business and International academy of linguistics behavioral and social sciences | |